Quizzes
Events
Quiz Creation
Community
Videos
Private Events
Remove Ads
Sign In
Join for FREE
Feedback
Dark Mode
Quiz Categories
Sports
Geography
Music
Movies
Television
Just For Fun
Miscellaneous
History
Literature
Language
Science
Gaming
Entertainment
Religion
Holiday
For Kids
Quiz Lab
Recent
Popular Today
Quiz Kudos Today
Editor Picks
Curator Picks
Quizzes by...
Day
Popularity
Type
Ratings
Length
Year
Community
Subscriptions
Recent Discussions
Orange Saloon
Badges
Playlists
Quests
Create
Leaderboards
Showdown
Live 5
Trivia Bingo
Activity
Puzzle Library
Sporcle Events
Private Events
Virtual Trivia
Globe League
Become a Host
Pub Owners
SporcleCon
Opinionation
Our Games
Videos
Blog
Mobile Apps
Partnerships
Remove Ads and Go Orange
Feedback
Entertainment
Celebrity
Famous
Musical
Broadway
Show
Quote
Comic Books
Anime
Superhero
DC Comics
Marvel
Cartoons
Animation
Entertainment
Celebrity
Famous
Musical
Broadway
Show
Quote
Comic Books
Anime
Superhero
DC Comics
Marvel
Cartoons
Animation
Random Quiz
Search Sporcle
×
Quiz Lab
Quiz Lab
Entertainment
Marvel Villains
Type in answers that appear in a list
Type in answers that appear in a list
Classic
Best Score? Go Orange.
Marvel Superheroes and Villains Stats
Can you name the Marvel Superheroes and Villains?
By
bunnyboy1994
10m
78 Questions
177 Plays
177 Plays
177 Plays
Comments
Comments
Give Quiz Kudos
Give Quiz Kudos
-
- Ratings
hide this ad
More Info
Forced Order
Answers have to be entered in order
Answers have to be entered in order
Replay
Link that replays current quiz
Next Quiz
Link to next quiz in quiz playlist
You Got
0%
They Got
Avg Score
57%
Avg Friend Score
Upgrade to see
Score Distribution
Jump to the score distribution portion of the page
Score
0/78
Timer
10:00
0
Plays Today
Identity of Hero/Villain
Hero/Villain Name
% Correct
Peter Parker
Spider-Man
98.9%
Charles Xavier
Professor X
97.2%
Natalia Romanova
Black Widow
96.6%
Johnny Blaze
Ghost Rider
89.3%
Ben Grimm
The Thing
88.1%
Johnny Storm
Human Torch
86.4%
Hank Pym
Ant Man
85.3%
Wanda Maximoff
Scarlet Witch
85.3%
Victor von Doom
Doctor Doom
84.7%
Tony Stark
Iron Man
84.7%
Bruce Banner
Hulk
84.7%
Pietro Maximoff
Quicksilver
84.2%
Ororo Monroe
Storm
83.1%
Steven Rogers
Captain America
83.1%
Peter Quill
Star Lord
81.9%
Susan Storm
The Invisible Woman
81.9%
Matt Murdock
Daredevil
81.9%
Wade Wilson
Deadpool
81.4%
Reed Richards
Mr Fantastic
81.4%
Clint Barton
Hawkeye
81.4%
James 'Logan' Howlett
Wolverine
81.2%
Johann Schmidt
Red Skull
80.8%
Hank McCoy
Beast
80.8%
Jubilation Lee
Jubilee
79.1%
T'Challa
Black Panther
78%
Janet van Dyne
The Wasp
77.8%
James Rhodes
War Machine
76.9%
Kurt Wagner
Nightcrawler
76.8%
Frank Castle
Punisher
76.3%
Kitty Pryde
Shadowcat
75.2%
Eddie Brock
Venom
74.6%
Warren Worthington III
Angel
73.5%
Carol Danvers
Captain Marvel
73.4%
Jean Grey
Marvel Girl
72.9%
Piotr Rasputin
Colossus
72.6%
Emma Frost
White Queen
71.2%
Samuel Wilson
Falcon
70.9%
Lucas Bishop
Bishop
70.9%
Max Eisenhardt
Magneto
69.5%
Identity of Hero/Villain
Hero/Villain Name
% Correct
Raven Darkholme
Mystique
69.2%
Victor Creed
Sabretooth
67.8%
Jennifer Walters
She-Hulk
65%
Robert Drake
Iceman
65%
Nathan Summers
Cable
64.1%
En Sabah Nur
Apocalypse
63.3%
Jessica Drew
Spider Woman
61.6%
Felicia Hardy
Black Cat
61.6%
Cain Marko
Juggernaut
61.6%
Norrin Radd
Silver Surfer
61%
Brian Braddock
Captain Britain
59%
Blackagar Boltagon
Black Bolt
58.1%
Medusalith Amaquelin
Medusa
58.1%
Sean Cassidy
Banshee
55.9%
Elizabeth Braddock
Psylocke
54.2%
Cletus Kasady
Carnage
52%
Marc Spector
Moon Knight
47%
Lorna Dane
Polaris
46.9%
Barbara Morse
Mockingbird
46.9%
Kamala Khan
Ms Marvel
45.2%
Yuriko Oyama
Lady Deathstrike
44.1%
Nathaniel Essex
Mr Sinister
42.4%
Laura Kinney
X-23
39.5%
Simon Williams
Wonder Man
39%
Alison Blaire
Dazzler
39%
Victor Shade
Vision
36.8%
Greer Grant Nelson
Tigra
35.9%
Amora Incantare
Enchantress
35.9%
Irene Adler
Destiny
32.5%
Sam Alexander
Nova
32.2%
William Baker
Sandman
31.6%
Karla Sofen
Moonstone
31.6%
Karl Lykos
Sauron
31.1%
Doreen Green
Squirrel Girl
27.1%
Tony Masters
Taskmaster
25.4%
Neena Thurman
Domino
22.6%
Mary Walker
Typhoid Mary
19.7%
George Tarleton
MODOK
19.2%
Cindy Moon
Silk
15.3%
Quiz Playlist
Details
Report
Send in Message
Add To Playlist
More Info:
Can you correctly identity these famous Marvel heroes and villains?
Classic:
Type in answers that appear in a list
Forced Order:
Answers have to be entered in order
Last Updated: Feb 16, 2017
Quiz Scoreboard
CHALLENGE
Sign Up to Join the Scoreboard
Show All
Scores
Hide
Comments
May contain spoilers
Recently Published
Street Fighter Characters
by Artimus82
Gaming
60s
9x9 Crossword: Cartoon Network
by jackfrog10
Miscellaneous
3m
College Basketball Coaching Resumes
by pancakes188
Sports
9m
More to Explore
Quiz From the Vault
Featured Blog Post
Where Did the Easter Bunny Come From?
hide this ad
You Might Also Like...
Tags
Marvel Characters
Marvel Superheroes
Marvel Villains
Today's Top Quizzes in Entertainment
Browse Entertainment
hide this ad
Today's Top Quizzes in Marvel Villains
Browse Marvel Villains
Top Contributed Quizzes in Entertainment
1
7-to-1: DC Comics Villains
2
Marvel Characters Bunker
3
Eurovision 2023 Logic Puzzle
4
Dragon Ball Z: Goku's Fights in Order
5
Sorting Pictures: Villains
6
Criteria Quickie: Cartoon Taxonomy II
7
7-to-1: One Piece
8
Mini Trivia Sudoku: Musicals
9
Fictional Villains Letter U Blitz
10
Kamen Rider Motifs
Explore More
Trending Topics
Kpop
Anime
Harry Potter
Marvel
Crossword
Disney
NBA
Pokémon
NFL
WWE
Country
The Office
Song
Puzzle
Soccer
hide this ad
More By:
bunnyboy1994
Quiz
Plays
Rating
Category
Featured
Created
Marvel Superheroes and Villains
177
2.25
Entertainment
Jul 11, 2015
Go to Creator's Profile
Score Distribution
Quiz Creator Spotlight
bunnyboy1994
Follow
Send a Message
Quizzes Created
-
Created Quiz Play Count
-
More By This Creator
Popular Quizzes Today
1
Find the US States - No Outlines Minefield
2
Find the Countries of Europe - No Outlines Minefield
3
The Countries of the World
4
Find the US States
5
Risky Map Clicking: Biggest States A-Z
6
US States
7
Popular People in 1961
8
Movies - When Are They Set?
More Entertainment Quizzes
Missing Word: Charlie Sheen Quotes
Curator's Pick
Trending Quizzes
Risky Map Clicking: Least Populous States A-Z
1-10 Letter G Words
Risky Map Clicking: Next State Alphabetically
Adjectives in 80s TV Shows
The Seven Year Switch: Catherine
Recently Updated
Leaping Animals
pecheneg
Reality TV Shows (A-Z)
bhenderson79
Rickey Henderson's Hall of Fame Teammates
pecheneg
Champions League XIs: Arsenal
pecheneg
Quick Pick: Celebrities in WWE's Hall of Fame
aduchscher
A-Z Keypad Blitz II
pecheneg
Multiple Oscar Actors
pecheneg
Mystery Phrase Blitz: Oscar 'Best Actors'
pecheneg
F. Scott Fitzgerald Novels
LTH
Pick 3 Villains
ddd62291
Trending Topics
Harry Potter
Crossword
Anime
Disney
NBA
Marvel
Kpop
Soccer
NFL
WWE
The Office
Pokémon
Country
Song
Puzzle
Your Account Isn't Verified!
In order to create a playlist on Sporcle, you need to verify the email address you used during registration. Go to your
Sporcle Settings
to finish the process.
Report this User
Report this user for behavior that violates our
Community Guidelines
.
Details:
Send Report
Go to the Sporcle.com Mobile Site →
Comments